Statystyki dla Jakiego kraju jest ta flaga? (lvl.średni)

Kliknij tutaj aby rozwiązać quiz!

Ogólne statystyki

  • Ten quiz został rozwiązany 370 razy
  • Średni wynik to 9 z 12

Statystyki odpowiedzi

Odpowiedź% Poprawnych
Gruzja
92%
Pakistan
89%
Kolumbia
85%
Armenia
84%
Peru
84%
Bangladesz
82%
Panama
81%
Azerbejdżan
78%
Malezja
72%
Etiopia
71%
Sudan
54%
Tanzania
50%

Rozkład punktacji

Percentyl według liczby udzielonych odpowiedzi

Procent ludzi z każdym wynikiem

Twoja historia wyników

Nie rozwiązałeś tego quizu